Open Data Biblioteca Nacional de Portugal


República Portuguesa: Ministério da Cultura
Biblioteca Nacional de Portugal

Catálogo da BNP: acesso por Identificadores Unívocos
Registos Bibliográficos associados ao registo de autoridade

Etiqueta de registo: 00254nam 2200025 450
001 2284511
003 http://id.bnportugal.gov.pt/bib/catbnp/2284511
100 ## $a20260415d2025 k y0pory01030103ba
101 0# $aeng$dpor
102 ## $aPT
105 ## $aa m 000yy
106 ## $ar
200 1# $aSkills mismatch in the portuguese logistics sector$ghigher education and employability challenges$fBruno Siano Rêgo$gsupervisor Fernando Moreira, Diogo Lourenço, Carla Santos Pereira
210 #9 $aPorto$c[s.n.],$d2025
215 ## $aXII, 98 f.$cil.$d30 cm
328 #1 $aTese dout. Philosophy (Business Sciences), Universidade Portucalense, 2025
675 ## $a378.011.2(469)(043)$vBN$zpor$31998948
675 ## $a004.5(043)$vBN$zpor$31215225
675 ## $a681.5(043)$vBN$zpor$3297997
700 #1 $aRêgo,$bBruno Siano$31995869
702 #1 $aPereira,$bCarla Santos $4727$31995875
702 #1 $92$aLourenço$bDiogo$4727$31995874
702 #1 $93$aMoreira,$bFernando$4727$3192123
801 #0 $aPT$bBN$gRPC
966 ## $lBN$mFGMON$sS.C. 169176 V.$x1
971 ## $ccsilva$d20260415
973 ## $csteixeira$d20260521

OpendataBNP@bnportugal.pt | Mais informação sobre acesso aos dados BNP